Quizzes
Events
Quiz Creation
Community
Videos
Private Events
Remove Ads
Sign In
Join for FREE
Feedback
Dark Mode
Quiz Categories
Sports
Geography
Music
Movies
Television
Just For Fun
Miscellaneous
History
Literature
Language
Science
Gaming
Entertainment
Religion
Holiday
For Kids
Quiz Lab
Recent
Popular Today
Quiz Kudos Today
Editor Picks
Curator Picks
Quizzes by...
Day
Popularity
Type
Ratings
Length
Year
Community
Subscriptions
Recent Discussions
Orange Saloon
Badges
Playlists
Quests
Create
Leaderboards
Showdown
Live 5
Trivia Bingo
Activity
Puzzle Library
Sporcle Events
Private Events
Virtual Trivia
Globe League
Become a Host
Pub Owners
SporcleCon
Opinionation
Our Games
Videos
Blog
Mobile Apps
Partnerships
Remove Ads and Go Orange
Feedback
History
US Presidents
World Leaders
Politics
Nation
Discovery
War
Decade
Year
Century
Biography
Art
History
US Presidents
World Leaders
Politics
Nation
Discovery
War
Decade
Year
Century
Biography
Art
Random Quiz
Search Sporcle
×
Quiz Lab
Quiz Lab
History
Presidential Candidates
Type in answers that appear in a list
Type in answers that appear in a list
Classic
Best Score? Go Orange.
Non-Running Vice Presidents Stats
Can you name the Vice Presidents that did not run in the general election?
By
mrmapcase
5m
27 Questions
174 Plays
174 Plays
174 Plays
Comments
Comments
Give Quiz Kudos
Give Quiz Kudos
-
- Ratings
hide this ad
Random Order
Randomize order of answers
Randomize order of answers
Replay
Link that replays current quiz
Next Quiz
Link to next quiz in quiz playlist
You Got
0%
They Got
Avg Score
76%
Avg Friend Score
Upgrade to see
Score Distribution
Jump to the score distribution portion of the page
Score
0/27
Timer
05:00
0
Plays Today
Years in Office
Vice President
% Correct
1969-
1973
Spiro Agnew
92%
1974-
1977
Nelson Rockefeller
91.4%
1989-
1993
Dan Quayle
90.2%
2001-
2009
Dick Cheney
87.9%
1949-
1953
Alben Barkley
86.2%
1861-
1865
Hannibal Hamlin
84.5%
1801-
1805
Aaron Burr
83.9%
1837-
1841
Richard Johnson
83.9%
1933-
1941
John Garner
83.9%
1825-
1832
John Calhoun
81%
1893-
1897
Adlai Stevenson I
81%
1805-
1812
George Clinton
80.5%
1853
William King
77.6%
1909-
1912
James Sherman
76.4%
Years in Office
Vice President
% Correct
1869-
1873
Schuyler Colfax
75.9%
1929-
1933
Charles Curtis
73%
1817-
1825
Daniel Tompkins
72.4%
1877-
1881
William Wheeler
72.4%
1913-
1921
Thomas Marshall
71.8%
1885
Thomas Hendricks
70.7%
1813-
1814
Elbridge Gerry
70.1%
1889-
1893
Levi Morton
69.5%
1905-
1909
Charles Fairbanks
69%
1925-
1929
Charles Dawes
69%
1873-
1875
Henry Wilson
68.4%
1897-
1899
Garret Hobart
67.2%
1845-
1849
George Dallas
66.7%
Quiz Playlist
Details
Report
Send in Message
Add To Playlist
Classic:
Type in answers that appear in a list
Random Order:
Randomize order of answers
Quiz Source
Last Updated: Feb 16, 2017
Quiz Scoreboard
CHALLENGE
Sign Up to Join the Scoreboard
Show All
Scores
Hide
Comments
May contain spoilers
Recently Published
College Basketball Coaching Resumes
by pancakes188
Sports
9m
Billboard Blitz: Fleetwood Mac
by CooCooCachoo
Music
15s
Presidents Visiting Landmarks
by Hejman
History
7m
More to Explore
Quiz From the Vault
Featured Blog Post
Where Did the Easter Bunny Come From?
hide this ad
You Might Also Like...
Tags
Presidential Candidates
Vice Presidents
Today's Top Quizzes in History
Browse History
hide this ad
Today's Top Quizzes in Presidential Candidates
Browse Presidential Candidates
Top Contributed Quizzes in History
1
Popular People in 1991
2
Popular People in 1981
3
Popular People in 1951
4
Popular People in 1941
5
Popular People in 1986
6
Popular People in 1976
7
Popular People in 1921
8
5-to-1: 20th Century Images of War
9
I Am Born On March 28th
10
Popular People in 1946
Explore More
Trending Topics
NBA
Crossword
Disney
Marvel
Harry Potter
Kpop
Anime
Song
Puzzle
Country
Pokémon
Soccer
The Office
NFL
WWE
hide this ad
More By:
mrmapcase
Quiz
Plays
Rating
Category
Featured
Created
US States Clickable
4,357
4.38
Geography
Apr 2, 2012
Quick Pick: Marx Brothers
2,713
4.48
Just For Fun
Feb 18, 2016
Hendrick Motorsports Wins
2,332
5.00
Sports
May 13, 2012
States Without a Cracker Barrel
2,173
4.83
Geography
Jan 20, 2016
Joe Gibbs Racing Wins
1,524
4.00
Sports
Sep 23, 2012
Go to Creator's Profile
Score Distribution
Quiz Creator Spotlight
mrmapcase
Follow
Send a Message
Quizzes Created
-
Created Quiz Play Count
-
More By This Creator
Popular Quizzes Today
1
Find the US States - No Outlines Minefield
2
Find the Countries of Europe - No Outlines Minefield
3
The Countries of the World
4
Find the US States
5
Risky Map Clicking: Biggest States A-Z
6
US States
7
Popular People in 1961
8
Movies - When Are They Set?
More History Quizzes
NATO Phonetics vs. WWII Phonetics
Published
Trending Quizzes
Risky Map Clicking: Least Populous States A-Z
1-10 Letter G Words
1-10 Letter F Words
Risky Map Clicking: Next State Alphabetically
Adjectives in 80s TV Shows
Recently Updated
Leaping Animals
pecheneg
Reality TV Shows (A-Z)
bhenderson79
Rickey Henderson's Hall of Fame Teammates
pecheneg
Champions League XIs: Arsenal
pecheneg
Quick Pick: Celebrities in WWE's Hall of Fame
aduchscher
A-Z Keypad Blitz II
pecheneg
Multiple Oscar Actors
pecheneg
Mystery Phrase Blitz: Oscar 'Best Actors'
pecheneg
F. Scott Fitzgerald Novels
LTH
Pick 3 Villains
ddd62291
Trending Topics
Crossword
Kpop
NBA
Disney
Marvel
Anime
Harry Potter
Soccer
Song
NFL
Pokémon
Country
WWE
Puzzle
The Office
Your Account Isn't Verified!
In order to create a playlist on Sporcle, you need to verify the email address you used during registration. Go to your
Sporcle Settings
to finish the process.
Report this User
Report this user for behavior that violates our
Community Guidelines
.
Details:
Send Report
Go to the Sporcle.com Mobile Site →
Comments